Orgány štátnej správy v oblasti inšpekcie práce
Inšpekcia práce je najmä dozor nad dodržiavaním pracovnoprávnych predpisov, ktoré upravujú pracovnoprávne vzťahy, najmä ich vznik, zmenu a skončenie, ako aj iné skutočnosti, ktoré sú vymedzené v zákone č. 125/2006 Z. z. o inšpekcii práce a o zmene a doplnení zákona č. 82/2005 Z. z. o nelegálnej prác...
Enregistré dans:
| Auteur principal: | |
|---|---|
| Format: | Chapitre de livre |
| Langue: | slovaque |
| Sujets: | |
| Tags: |
Pas de tags, Soyez le premier à ajouter un tag!
|
MARC
| LEADER | 00000naa a2200000 4500 | ||
|---|---|---|---|
| 001 | 0300517 | ||
| 005 | 20241022105239.1 | ||
| 041 | 0 | |a slo | |
| 044 | |a SK | ||
| 245 | 1 | 0 | |a Orgány štátnej správy v oblasti inšpekcie práce |c Lucia Petríková |
| 520 | |a Inšpekcia práce je najmä dozor nad dodržiavaním pracovnoprávnych predpisov, ktoré upravujú pracovnoprávne vzťahy, najmä ich vznik, zmenu a skončenie, ako aj iné skutočnosti, ktoré sú vymedzené v zákone č. 125/2006 Z. z. o inšpekcii práce a o zmene a doplnení zákona č. 82/2005 Z. z. o nelegálnej práci a nelegálnom zamestnávaní a o zmene a doplnení niektorých zákonov. Aké poznáme orgány štátnej správy v oblasti inšpekcie práce? Aké sú kompetencie týchto orgánov? | ||
| 610 | 2 | 0 | |a právo pracovné |
| 610 | 2 | 0 | |a predpisy pracovnoprávne |
| 610 | 2 | 0 | |a vzťahy pracovnoprávne |
| 610 | 2 | 0 | |a inšpekcia štátna |
| 610 | 2 | 0 | |a inšpekcia práce |
| 610 | 2 | 0 | |a správa štátna |
| 610 | 2 | 0 | |a orgány štátne |
| 610 | 2 | 0 | |a práca nelegálna |
| 610 | 2 | 0 | |a zákony |
| 100 | 1 | |a Petríková, Lucia | |